| 000 | 00548nam a2200217 a 4500 | ||
|---|---|---|---|
| 001 | BRL_626 | ||
| 005 | 20190320210827.0 | ||
| 008 | 110913s1944----u--#######---#000-0#eng-# | ||
| 041 | _aeng | ||
| 044 | _au | ||
| 050 | 4 |
_aPZ3 _b.B47 1944 |
|
| 100 | 1 |
_aBerlin, Ellin _924465 |
|
| 245 | 1 | 0 |
_aLand I Have Chosen _cBy Ellin Berlin. |
| 260 |
_aFiladelphia _bThe Blakiston Company _c1944 |
||
| 300 |
_a341 p. _c21 cm. |
||
| 500 | _aAu663 | ||
| 650 | 1 | 4 |
_aNovela policiaca _923905 |
| 650 | 1 | 4 |
_aNovela fantastica _924345 |
| 902 | _aGRL | ||
| 942 |
_2lcc _cB |
||
| 999 |
_c9438 _d9438 |
||